Normal view
MARC view
Entry Personal Name
001 - CONTROL NUMBER
- control field: 59383
003 - CONTROL NUMBER IDENTIFIER
- control field: dpl
005 - DATE AND TIME OF LATEST TRANSACTION
- control field: 20231204111759.0
008 - FIXED-LENGTH DATA ELEMENTS
- fixed length control field: 231204|| aca||aabn | a|a d
040 ## - CATALOGING SOURCE
- Original cataloging agency: dpl
- Transcribing agency: dpl
100 ## - HEADING--PERSONAL NAME
- Personal name: ग्यानानी
670 ## - SOURCE DATA FOUND
- Source citation: Work cat.: (dpl)199413: ग्यानानी , उपकार केंद्रीय माध्यमिक शिक्षा बोर्ड दिल्ली केंद्रीय शिक्षक पात्रता परीक्षा;गणित एवं विज्ञान/
